000 01054nam a2200265Ia 4500
003 OSt
005 20221005110651.0
006 a|||||r|||| 00| 0
007 ta
008 221004b |||||||| |||| 00| 0 hin d
020 _a8126707992
_c250
024 _a81566
037 _b166, 30/03/2005, Trans--India Book Distributors
_cTextual
040 _aCRL
_cCRL
_bhin
041 _2hin
_ahin
082 _aO152,6M83:g, P3
100 _aपांडेय, भवदेव
245 0 _aआचार्य रामचन्द्र शुक्ल
_b आलोचना के नए मानदंड
246 _aĀchārya rāmachandra shukla: ālochanā ke nae mānadanḍa
260 _aनई दिल्ली
_bराजकमल प्रकाशन भारत
_c2003
300 _a216पृ0
_ccm.
650 _aहिन्दी साहित्य
942 _hO152,6M83:g, P3
_cTEXL
_2cc
999 _c1019529
_d1019529